Sintesis

Bibliographic Details
Main Author: Soriano, Federico
Format: Section = Libro
Language:Undetermined
Spanish
Published: Barcelona Gustavo Gili 2004
Subjects:
LEADER 00486nam a2200193Ia 4500
008 240829s9999 xx 000 0 und d
020 |a 84-252-1525-0 
040 |a BIBLIOTECA-RUSB/ 720.1 S714 
041 |a spa 
082 |a 720.1 S714 
100 1 |a Soriano, Federico 
245 1 0 |a Sintesis 
260 |a Barcelona  |b Gustavo Gili  |c 2004 
300 |a 199 p. :il. 
650 7 |a ARQUITECTURA-TEORIA 
650 7 |b  ARQUITECTURA-ENSAYO-CONFERENCIAS 
942 |c BK  |2 ddc 
991 |a TEXTO 
999 |c 4966